| 000 | 01164cad a22002295a 4500 | ||
|---|---|---|---|
| 001 | E148914 | ||
| 008 | 091126s2009 xxk o f 000 0 eng d | ||
| 035 | _a(Sirsi) u148914 | ||
| 041 | 0 | _aeng | |
| 050 | 0 | 4 | _a333.33 $2 18 |
| 110 | 2 |
_aSavills _92020 |
|
| 245 | 0 | 0 |
_aSpotlight on... Scottish residential property market _bAutumn 2009 _h[electronic resource] |
| 260 |
_a[S.l.] _bSavills _c2009 |
||
| 490 | 0 |
_aSavills Spotlight on Scottish Residential Property Market _vAutumn 2009 |
|
| 520 | _aSuggests that property prices rose by 4% in Scotland during Q2 2009, following two quarters of falls. Prices in prime markets are stabilising, and the asking prices of property worth £1m and above are becoming more realistic. The average property price in Scotland in Q2 2009 was £145 553, according to figures produced by Registers of Scotland. | ||
| 521 | _aAdvanced | ||
| 590 | _aKA NTK | ||
| 651 | 4 |
_aScotland _y1999- |
|
| 690 | _aPROPERTY-RESIDENTIAL PROPERTY-RESIDENTIAL PROPERTY MARKET | ||
| 856 | 4 | 0 |
_uhttps://www.savills.co.uk/research/Report.aspx?nodeID=10800# _zView the report free of charge (requires registration) at www.savills.co.uk... |
| 942 | _n0 | ||
| 999 |
_c110283 _d110283 |
||